[Event "Titled Tue 26th Aug Early"]
[Site "chess.com INT"]
[Date "2025.08.26"]
[Round "7"]
[White "Turcsanyi, Vince Gergo"]
[Black "Feuerstack, Aljoscha"]
[Result "0-1"]
[WhiteTitle "FM"]
[BlackTitle "IM"]
[WhiteElo "2297"]
[BlackElo "2449"]
[WhiteFideId "791784"]
[BlackFideId "4681932"]
[EventDate "2025.08.26"]

1. d4 d5 2. c4 c6 3. Nf3 Nf6 4. Nc3 g6 5. e3 Bg7 6. cxd5 cxd5 7. Be2 Nc6 8. O-O
O-O 9. Qb3 Na5 10. Qb4 b6 11. Bd2 Re8 12. Rfc1 Bd7 13. Ne5 Rc8 14. Ba6 Rc7 15.
Nb5 Rxc1+ 16. Rxc1 Qb8 17. Nc7 Rd8 18. Qxe7 Be8 19. Nxe8 Rxe8 20. Qxf7+ Kh8 21.
Nc6 Nxc6 22. Rxc6 Rf8 23. Qb7 Qe8 24. Bb5 Ne4 25. Be1 Nd6 26. Rxd6 Qxb5 27. Qc7
Qxb2 28. Rxd5 Qb1 29. Qc3 Qxa2 30. Rd7 a5 31. g3 Qe6 32. Qc7 Qf6 33. d5 a4 34.
Rxg7 a3 35. Bc3 Qxf2+ 36. Kh1 Qf1# 0-1

[Event "Titled Tue 26th Aug Early"]
[Site "chess.com INT"]
[Date "2025.08.26"]
[Round "7"]
[White "Oleksiyenko, Mykhaylo"]
[Black "Paichadze, Luka"]
[Result "1/2-1/2"]
[WhiteTitle "GM"]
[BlackTitle "GM"]
[WhiteElo "2569"]
[BlackElo "2520"]
[WhiteFideId "4152417"]
[BlackFideId "13602934"]
[EventDate "2025.08.26"]

1. e4 c6 2. Nf3 d5 3. Nc3 Bg4 4. h3 Bh5 5. d3 e6 6. Be2 Nf6 7. O-O Bg6 8. Ne5
Nbd7 9. Nxg6 hxg6 10. f4 Bc5+ 11. Kh2 Qc7 12. d4 Bb4 13. e5 Bxc3 14. bxc3 Ne4
15. Qd3 f5 16. c4 Nb6 17. Qb3 dxc4 18. Bxc4 Nxc4 19. Qxc4 Kf7 20. a4 Rhd8 21.
Be3 b6 22. Rfd1 Rd5 23. Rab1 Rad8 24. Qb3 b5 25. c4 bxc4 26. Qxc4 g5 27. fxg5 c5
28. Rf1 Rxd4 29. Bxd4 Rxd4 30. Rxf5+ Ke7 31. Qf1 exf5 32. Qxf5 g6 33. Qxg6 Qxe5+
34. Kh1 Rd7 35. Qh7+ Ke6 36. Qg6+ Ke7 37. Qh7+ Kd8 38. Qg8+ Ke7 39. Qh7+ 1/2-1/2

[Event "Titled Tue 26th Aug Early"]
[Site "chess.com INT"]
[Date "2025.08.26"]
[Round "7"]
[White "Gubajdullin, Alexei"]
[Black "Svane, Rasmus"]
[Result "0-1"]
[WhiteTitle "FM"]
[BlackTitle "GM"]
[WhiteElo "2228"]
[BlackElo "2619"]
[WhiteFideId "4141202"]
[BlackFideId "4657101"]
[EventDate "2025.08.26"]

1. Nf3 d5 2. g3 Nf6 3. Bg2 g6 4. O-O Bg7 5. d3 O-O 6. Nbd2 c5 7. e4 Nc6 8. c3 e5
9. exd5 Nxd5 10. Nc4 Re8 11. a4 Bf5 12. Ng5 Nb6 13. Ne4 Nxc4 14. dxc4 Qc7 15.
Nxc5 Na5 16. b4 Nxc4 17. Bxb7 Rad8 18. Qe2 Bd3 19. Nxd3 Qxb7 20. Nc5 Qd5 21. Bg5
f6 22. Rad1 Qf7 23. Bc1 h5 24. Rxd8 Rxd8 25. Rd1 Rxd1+ 26. Qxd1 f5 27. Qd7 Qxd7
28. Nxd7 e4 29. Be3 Nxe3 30. fxe3 Bxc3 31. b5 Kf7 32. Nb8 Bb4 33. Nc6 Bc5 34.
Kf2 Ke6 35. h4 Kd5 36. a5 Kc4 37. Nxa7 Kb4 38. b6 Kxa5 39. Nc6+ Kxb6 40. Ne5 Bd6
41. Nxg6 Kc5 42. Nh8 Kd5 43. Nf7 Be7 44. Nh8 Ke6 45. Ng6 Bd6 46. Kg2 Kf6 47. Nf4
Bxf4 48. exf4 Ke7 49. Kf2 Ke6 50. Ke2 Kd6 51. Kd2 Kc5 52. Ke3 Kd5 53. Ke2 Kd4
54. Kd2 e3+ 55. Ke2 Ke4 56. Ke1 Kf3 0-1

[Event "Titled Tue 26th Aug Early"]
[Site "chess.com INT"]
[Date "2025.08.26"]
[Round "7"]
[White "Jin, Ashton"]
[Black "Sovetbekova, Nurai"]
[Result "0-1"]
[BlackTitle "WFM"]
[WhiteElo "2196"]
[BlackElo "2027"]
[WhiteFideId "30931908"]
[BlackFideId "13801910"]
[EventDate "2025.08.26"]

1. d4 Nf6 2. Nf3 d5 3. Bf4 e6 4. e3 Bd6 5. Ne5 Ne4 6. Bd3 c5 7. Bxe4 dxe4 8.
dxc5 Qa5+ 9. c3 Qxc5 10. Qa4+ Nd7 11. Nxd7 Bxd7 12. Bxd6 Qxd6 13. Qxe4 Bc6 14.
Qd4 Qxd4 15. cxd4 Bxg2 16. Rg1 Be4 17. Rxg7 Bg6 18. Nd2 Kf8 19. Rxg6 hxg6 20.
Nf3 Rc8 21. h4 Rc2 22. b4 Ke7 23. a4 Rhc8 24. Ne5 Rc1+ 25. Rxc1 Rxc1+ 26. Kd2
Rb1 27. Kc3 Rh1 28. a5 Rxh4 29. b5 Rh8 30. Kb3 Rc8 31. f4 Rc7 32. e4 Kf8 33. Nc4
f6 34. Nd6 g5 35. fxg5 fxg5 36. e5 g4 37. Ne4 Rf7 38. Kc4 Rc7+ 39. Kb4 Kg7 40.
b6 axb6 41. axb6 Rc1 42. Kb5 Kg6 43. Nc5 g3 44. Nxb7 g2 0-1

[Event "Titled Tue 26th Aug Early"]
[Site "chess.com INT"]
[Date "2025.08.26"]
[Round "7"]
[White "Estrada Nieto, Julian"]
[Black "Pournami S"]
[Result "1-0"]
[WhiteTitle "IM"]
[BlackTitle "WCM"]
[WhiteElo "2182"]
[BlackElo "1753"]
[WhiteFideId "5101018"]
[BlackFideId "25732439"]
[EventDate "2025.08.26"]

1. e4 c5 2. Nf3 d6 3. Bb5+ Nd7 4. a4 Nf6 5. Nc3 e6 6. O-O Be7 7. d4 cxd4 8. Qxd4
O-O 9. Rd1 a6 10. Be2 Qc7 11. a5 b6 12. axb6 Nxb6 13. Be3 Nbd7 14. Nd2 e5 15.
Qc4 Qb8 16. Nb3 Nb6 17. Qb4 Nbd7 18. Qxb8 Rxb8 19. Bxa6 Bxa6 20. Rxa6 Nc5 21.
Bxc5 dxc5 22. Ra2 c4 23. Na5 Rfc8 24. Kf1 Bb4 25. Nd5 Nxe4 26. Nc6 Rxc6 27. Nxb4
Rcb6 28. c3 g6 29. Re1 f5 30. f3 Nd2+ 31. Ke2 Nb3 32. Kf2 Re6 33. Ra7 Rbe8 34.
Rd1 Nc5 35. Rd5 1-0

[Event "Titled Tue 26th Aug Early"]
[Site "chess.com INT"]
[Date "2025.08.26"]
[Round "7"]
[White "Simonovic, Miroslav"]
[Black "Setumadhav, Yellumahanthi"]
[Result "0-1"]
[WhiteTitle "CM"]
[BlackTitle "FM"]
[WhiteElo "2092"]
[BlackElo "2226"]
[WhiteFideId "919152"]
[BlackFideId "25920669"]
[EventDate "2025.08.26"]

1. d4 Nf6 2. Bg5 d5 3. Bxf6 gxf6 4. c4 dxc4 5. Nc3 c5 6. e3 cxd4 7. exd4 Nc6 8.
Nf3 Bg4 9. d5 Ne5 10. Be2 Bxf3 11. Bxf3 Nd3+ 12. Kf1 Qd7 13. b3 b5 14. Nxb5 Qxb5
15. bxc4 Qb2 16. Qxd3 Qxa1+ 17. Bd1 Bg7 18. g3 f5 19. Kg2 O-O 20. Qxf5 Qf6 21.
Qd3 Qg6 22. Qe2 Rab8 23. Bc2 Rb2 24. Rc1 Rxa2 25. Kg1 Rb2 26. Qd1 Qf6 27. Qd3
Qh6 28. Ra1 Rxc2 29. Rxa7 Qc1+ 30. Kg2 Qb2 31. Qf3 Rxf2+ 32. Qxf2 Qxf2+ 33. Kxf2
Bd4+ 34. Kf3 Bxa7 35. Ke4 Rc8 36. Kd3 e6 37. h3 exd5 38. cxd5 Rd8 39. Ke4 Bc5
40. Ke5 Bd6+ 41. Kf5 Kf8 42. g4 Ke7 43. Ke4 Rc8 44. h4 Rc4+ 45. Kf3 Rd4 46. g5
Rxh4 47. g6 hxg6 0-1

[Event "Titled Tue 26th Aug Early"]
[Site "chess.com INT"]
[Date "2025.08.26"]
[Round "7"]
[White "Swara Lakshmi S Nair"]
[Black "Nguyen, Thanh Nghia"]
[Result "0-1"]
[WhiteTitle "WCM"]
[BlackTitle "CM"]
[WhiteElo "2138"]
[BlackElo "2124"]
[WhiteFideId "25629239"]
[BlackFideId "12401870"]
[EventDate "2025.08.26"]

1. e4 e5 2. Nf3 Nc6 3. Bb5 Nge7 4. O-O g6 5. c3 a6 6. Ba4 Bg7 7. d4 exd4 8. cxd4
b5 9. Bb3 d6 10. Nc3 O-O 11. Be3 Na5 12. Bc2 Nc4 13. Bc1 c5 14. Re1 Bb7 15. b3
cxd4 16. Nxd4 Ne5 17. Bb2 Rc8 18. Rc1 Qb6 19. Bb1 Rfd8 20. Qd2 d5 21. Nxd5 Nxd5
22. Rxc8 Bxc8 23. exd5 Rxd5 24. Rc1 Bb7 25. Be4 Rd7 26. Qe3 Ng4 27. Qf3 Bxd4 28.
Bxd4 Qxd4 29. Bxb7 Ne5 30. Qe2 Rxb7 31. Rd1 Qc5 32. g3 Re7 0-1

[Event "Titled Tue 26th Aug Early"]
[Site "chess.com INT"]
[Date "2025.08.26"]
[Round "7"]
[White "Carrasco Miranda, Andres"]
[Black "Garcia Correa, Jose Ricardo"]
[Result "1-0"]
[WhiteTitle "CM"]
[BlackTitle "FM"]
[WhiteElo "2226"]
[BlackElo "2103"]
[WhiteFideId "3405990"]
[BlackFideId "5101832"]
[EventDate "2025.08.26"]

1. d4 Nf6 2. c4 e6 3. g3 d5 4. Bg2 c6 5. Nf3 dxc4 6. O-O b5 7. Ne5 Bb7 8. Nc3 a6
9. Ne4 Nd5 10. Nxf7 Kxf7 11. Ng5+ Ke7 12. e4 Nf6 13. Bh3 Bc8 14. e5 Nd5 15. Ne4
Kf7 16. Qf3+ Kg8 17. Bg5 Qe8 18. a4 b4 19. Rac1 a5 20. Rxc4 Ba6 21. Qg4 h6 22.
Rfc1 Bxc4 23. Rxc4 hxg5 24. Nxg5 Nc7 25. d5 exd5 26. Rf4 Nd7 27. e6 Nf6 28. Rxf6
gxf6 29. Ne4+ Bg7 30. Nxf6+ Kf8 31. Nxe8 Rxe8 32. Qf4+ Kg8 33. Qxc7 Kh7 34. Qf7
Rhf8 35. Bf5+ Kh8 36. Qh5+ Kg8 37. Qh7# 1-0

[Event "Titled Tue 26th Aug Early"]
[Site "chess.com INT"]
[Date "2025.08.26"]
[Round "7"]
[White "Alcazar Jimenez, Jesus Alberto"]
[Black "Herbrig, Alexander"]
[Result "0-1"]
[WhiteTitle "FM"]
[BlackTitle "FM"]
[WhiteElo "2172"]
[BlackElo "2292"]
[WhiteFideId "2209756"]
[BlackFideId "12952044"]
[EventDate "2025.08.26"]

1. e4 c5 2. Nf3 d6 3. c3 Nf6 4. h3 g6 5. Bd3 Bg7 6. Bc2 O-O 7. O-O Nc6 8. a3 Rb8
9. d4 b5 10. Be3 cxd4 11. cxd4 Na5 12. b3 Bb7 13. Nbd2 e6 14. Bd3 a6 15. Bg5 h6
16. Bh4 Rc8 17. e5 dxe5 18. dxe5 Qxd3 19. exf6 Bh8 20. Ne5 Qd5 21. Ndf3 g5 22.
Bg3 Bxf6 23. Nd7 Bxa1 24. Nxf8 Qxd1 25. Rxd1 Kxf8 26. Rxa1 Nxb3 27. Rd1 Rc1 28.
Rxc1 Nxc1 29. Bd6+ Ke8 30. Nd4 Nd3 31. Kf1 Bd5 32. f3 h5 33. Ke2 Bc4 34. Ke3 Kd7
35. Bf8 f5 36. g3 f4+ 37. gxf4 gxf4+ 38. Ke4 Nf2+ 39. Kxf4 Nxh3+ 40. Kg3 Ng5 41.
Kh4 e5 42. Nf5 Nxf3+ 43. Kxh5 Ke6 44. Ne3 Be2 45. Bb4 Ne1+ 46. Kg6 Nd3 47. Bf8
a5 48. Nc2 Bd1 49. Ne3 Bb3 50. Ng4 b4 0-1

[Event "Titled Tue 26th Aug Early"]
[Site "chess.com INT"]
[Date "2025.08.26"]
[Round "7"]
[White "Galstyan, David"]
[Black "Ng, Clive"]
[Result "0-1"]
[WhiteTitle "FM"]
[BlackTitle "FM"]
[WhiteElo "2284"]
[BlackElo "2006"]
[WhiteFideId "54516196"]
[BlackFideId "3214869"]
[EventDate "2025.08.26"]

1. Nf3 Nf6 2. e3 g6 3. b3 Bg7 4. Bb2 c5 5. c4 b6 6. Nc3 Bb7 7. Be2 d5 8. cxd5
Nxd5 9. O-O Nb4 10. d4 cxd4 11. Nxd4 O-O 12. a3 N4c6 13. Nxc6 Nxc6 14. Bf3 e6
15. Qc2 Rc8 16. Rad1 Qe7 17. Qb1 Na5 18. Ne4 Bxe4 19. Bxe4 e5 20. Bd5 Nb7 21. b4
Nd6 22. Rc1 Nf5 23. Qe4 Rcd8 24. Rfd1 Nd6 25. Qc2 Qg5 26. e4 Nb5 27. Qd2 Qxd2
28. Rxd2 Bh6 29. Rdd1 Bxc1 30. Rxc1 Nd4 31. Rc7 Rc8 32. Bxf7+ Kh8 33. Rxc8 Rxc8
34. f4 Rc2 35. Bxd4 exd4 36. e5 Kg7 37. e6 Kf6 0-1

[Event "Titled Tue 26th Aug Early"]
[Site "chess.com INT"]
[Date "2025.08.26"]
[Round "7"]
[White "Romero Ruscalleda, Josep"]
[Black "Bogdanov, Artyom"]
[Result "0-1"]
[WhiteTitle "FM"]
[BlackTitle "FM"]
[WhiteElo "2110"]
[BlackElo "2383"]
[WhiteFideId "2231859"]
[BlackFideId "13749200"]
[EventDate "2025.08.26"]

1. e4 c6 2. Nc3 d5 3. Nf3 dxe4 4. Nxe4 Nf6 5. Qe2 Nxe4 6. Qxe4 Qd5 7. Qh4 Nd7 8.
Bc4 Qf5 9. O-O e6 10. d3 Bd6 11. h3 O-O 12. Re1 h6 13. a3 Qf6 14. Qxf6 Nxf6 15.
Bd2 b6 16. Bc3 Bb7 17. Re2 Rfe8 18. Rae1 Nd5 19. Bd2 a6 20. d4 Rac8 21. Ne5 c5
22. dxc5 Rxc5 23. Bd3 Rcc8 24. c4 Nf6 25. b4 Red8 26. Ng4 Nxg4 27. hxg4 Bxb4 28.
axb4 Rxd3 29. c5 bxc5 30. bxc5 Rxc5 31. Be3 Rc4 32. Rb1 Be4 33. f3 Bd5 34. Kf2
a5 35. Ra2 a4 36. Rba1 Rcc3 37. Re2 a3 38. Bf4 a2 39. Be5 Rc6 40. Rb2 Kh7 41.
Rb8 Rc2+ 42. Kg3 Rdd2 43. Rf8 Rxg2+ 44. Kf4 f6 45. Bxf6 gxf6 46. Rxf6 Kg7 47.
Ke5 Rge2+ 48. Kd6 0-1

[Event "Titled Tue 26th Aug Early"]
[Site "chess.com INT"]
[Date "2025.08.26"]
[Round "7"]
[White "Preobrazhenskaya, Diana"]
[Black "Sarkar, Justin"]
[Result "1-0"]
[WhiteTitle "WFM"]
[BlackTitle "IM"]
[WhiteElo "2140"]
[BlackElo "2286"]
[WhiteFideId "34270566"]
[BlackFideId "2010011"]
[EventDate "2025.08.26"]

1. e4 c5 2. Nf3 d6 3. d4 cxd4 4. Nxd4 Nf6 5. Nc3 a6 6. Bg5 e6 7. f4 Qb6 8. Qd2
Nc6 9. Bxf6 gxf6 10. O-O-O Nxd4 11. Qxd4 Qxd4 12. Rxd4 Bd7 13. Bc4 b5 14. Bb3 a5
15. a3 h5 16. f5 Bh6+ 17. Kb1 Bf4 18. Ne2 Be5 19. Rd2 b4 20. a4 Ke7 21. Nd4 Rhg8
22. g3 Rg4 23. Re1 h4 24. gxh4 Bxd4 25. Rxd4 Rxh4 26. Red1 Ra6 27. fxe6 fxe6 28.
Rg1 Rh7 29. Rd2 Ra8 30. Rdg2 Rah8 31. Rg7+ Kd8 32. Rxh7 Rxh7 33. Rg8+ Kc7 34.
Ra8 Rxh2 35. Ra7+ Kd8 36. Rxa5 Re2 37. Ra6 Kc7 38. a5 Rxe4 39. Ra7+ Kd8 40. a6 1-0

[Event "Titled Tue 26th Aug Early"]
[Site "chess.com INT"]
[Date "2025.08.26"]
[Round "7"]
[White "Zobel, Christian"]
[Black "Willim, Michael"]
[Result "0-1"]
[WhiteTitle "CM"]
[BlackTitle "CM"]
[WhiteElo "2218"]
[BlackElo "2023"]
[WhiteFideId "16259068"]
[BlackFideId "4632435"]
[EventDate "2025.08.26"]

1. d4 d5 2. c4 e6 3. Nc3 Nf6 4. cxd5 exd5 5. Bg5 c6 6. e3 h6 7. Bf4 Bd6 8. Bxd6
Qxd6 9. Bd3 O-O 10. Nge2 Re8 11. Qc2 a5 12. O-O Na6 13. a3 Bd7 14. Ng3 b5 15.
Rfe1 b4 16. Na4 Nc7 17. Nb6 Rab8 18. Nxd7 Nxd7 19. Rec1 Rb6 20. axb4 Qxb4 21.
Qc3 Qxb2 22. Qxb2 Rxb2 23. Rxc6 Ne6 24. Rxa5 Rd2 25. Ra3 Rb8 26. Rc2 Rb1+ 27.
Nf1 Rdd1 28. Be2 Re1 29. f3 Ng5 30. Kf2 f5 31. Ng3 f4 32. exf4 Ne6 33. Nf5 Nxf4
34. Bf1 Rxf1+ 35. Kg3 g5 36. Ne7+ Kf7 37. Nc6 Nf6 38. Ne5+ Ke6 39. Ra6+ Kf5 40.
Nf7 N6h5# 0-1

[Event "Titled Tue 26th Aug Early"]
[Site "chess.com INT"]
[Date "2025.08.26"]
[Round "7"]
[White "Solovchuk, Oleksiy"]
[Black "Lisenkov, Svyatoslav"]
[Result "0-1"]
[BlackTitle "FM"]
[WhiteElo "2303"]
[BlackElo "2343"]
[WhiteFideId "14115220"]
[BlackFideId "34264183"]
[EventDate "2025.08.26"]

1. c4 c6 2. Nf3 Nf6 3. d4 b5 4. cxb5 cxb5 5. d5 Bb7 6. d6 e6 7. Be3 Ne4 8. Nc3
Nxd6 9. Bc5 Nc4 10. Bxf8 Kxf8 11. e3 Nxb2 12. Qb3 Nc4 13. Qxb5 Nb6 14. Be2 Nc6
15. O-O f6 16. a4 Rb8 17. a5 Nc8 18. e4 Ba8 19. Qc5+ Qe7 20. Qe3 Kf7 21. Rfd1
Rd8 22. e5 f5 23. Nb5 Kg8 24. h4 Nb4 25. Rac1 Nd5 26. Qc5 Qxc5 27. Rxc5 Bc6 28.
Nbd4 Nce7 29. Ng5 Nf4 30. Bf1 h6 31. g3 hxg5 32. gxf4 gxf4 33. Rdc1 Kf7 34. Ne2
f3 35. Nd4 Be4 36. Rc7 Ng6 37. Bc4 Nxe5 38. Bxe6+ Kf6 39. Ba2 Rh8 0-1

[Event "Titled Tue 26th Aug Early"]
[Site "chess.com INT"]
[Date "2025.08.26"]
[Round "7"]
[White "Bodemar, Jonathan"]
[Black "Iunusov, Nuriddin"]
[Result "1-0"]
[WhiteTitle "CM"]
[BlackTitle "CM"]
[WhiteElo "2154"]
[BlackElo "2007"]
[WhiteFideId "6205488"]
[BlackFideId "13803026"]
[EventDate "2025.08.26"]

1. e4 e5 2. Nf3 Nc6 3. Bc4 Nf6 4. Ng5 d5 5. exd5 Na5 6. Bb5+ c6 7. dxc6 bxc6 8.
Bd3 Nd5 9. Nf3 Bd6 10. O-O O-O 11. Re1 f5 12. Nxe5 Qf6 13. Nf3 g5 14. c4 Nf4 15.
Bf1 g4 16. d4 gxf3 17. Qxf3 Ne6 18. Qc3 Nxd4 19. Qxa5 Nc2 20. c5 Be5 21. Bg5 Qg7
22. Bc4+ Kh8 23. Rxe5 Qxg5 24. Qc3 Qg7 25. b3 f4 26. Nd2 Nxa1 27. Qxa1 Bh3 28.
Bf1 Rf5 29. Nf3 Rxe5 30. Qxe5 Bd7 31. Qxf4 Rf8 32. Qe5 Qxe5 33. Nxe5 Be8 34. g3
Kg7 35. f4 Kf6 36. Bg2 a5 37. Bxc6 Bxc6 38. Nxc6 Rc8 39. Ne5 1-0

[Event "Titled Tue 26th Aug Early"]
[Site "chess.com INT"]
[Date "2025.08.26"]
[Round "7"]
[White "Nandish V S"]
[Black "Shapiro, Daniel"]
[Result "1-0"]
[WhiteTitle "CM"]
[BlackTitle "FM"]
[WhiteElo "2251"]
[BlackElo "2284"]
[WhiteFideId "45084297"]
[BlackFideId "2001780"]
[EventDate "2025.08.26"]

1. d4 Nf6 2. c4 e6 3. Nc3 Bb4 4. e3 d5 5. Qa4+ Nc6 6. Bd2 dxc4 7. Bxc4 a6 8. Qc2
Bd6 9. Nf3 O-O 10. O-O b5 11. Be2 Bb7 12. a3 Qe7 13. Rfe1 Rac8 14. e4 e5 15. d5
Nb8 16. Bg5 h6 17. Bh4 Nbd7 18. a4 b4 19. Nd1 c6 20. Ne3 cxd5 21. Qb3 Nc5 22.
Qd1 Ncxe4 23. Bd3 Qe6 24. Bxf6 Qxf6 25. Ng4 Qf4 26. h3 Rcd8 27. Qe2 f5 28. Ne3
h5 29. Nf1 Rfe8 30. Bxa6 Ba8 31. Bb5 Re7 32. Rad1 Ng5 33. Nxg5 Qxg5 34. Qc2 f4
35. f3 d4 36. Bc4+ Kh8 37. Nd2 Rc7 38. b3 Rdc8 39. Ne4 Bxe4 40. Qxe4 Rc5 41. Bd3
Qh6 42. Bc4 1-0

[Event "Titled Tue 26th Aug Early"]
[Site "chess.com INT"]
[Date "2025.08.26"]
[Round "7"]
[White "Aguilera Rodriguez, Alfredo R."]
[Black "Ozcan, Kaan"]
[Result "1-0"]
[WhiteTitle "FM"]
[BlackTitle "FM"]
[WhiteElo "2348"]
[BlackElo "2223"]
[WhiteFideId "3512991"]
[BlackFideId "34566422"]
[EventDate "2025.08.26"]

1. e4 c5 2. Nf3 Nc6 3. d4 cxd4 4. Nxd4 Nf6 5. Nc3 d6 6. Bg5 e6 7. Qd2 a6 8.
O-O-O Qc7 9. f3 Be7 10. g4 b5 11. Nxc6 Qxc6 12. Be3 Bb7 13. h4 Rc8 14. Kb1 Nd7
15. g5 Ne5 16. f4 Nc4 17. Bxc4 Qxc4 18. Bd4 b4 19. Na4 Bxe4 20. Rh2 Qb5 21. Qe1
Rxc2 22. Rxc2 Bxc2+ 23. Kxc2 Qxa4+ 24. Kb1 O-O 25. b3 Qb5 26. Ka1 Rc8 27. Qe4
Bf8 28. h5 Qc6 29. Qe3 Qc2 30. Rg1 Qf5 31. h6 Rc2 32. Bb2 Qc5 33. Bd4 Qd5 34.
Kb1 Rh2 35. Rc1 Qf5+ 36. Ka1 Rh3 37. Qg1 Qe4 38. hxg7 Bxg7 39. Rc8+ Bf8 40. Rc1 1-0

[Event "Titled Tue 26th Aug Early"]
[Site "chess.com INT"]
[Date "2025.08.26"]
[Round "7"]
[White "Thet Naung"]
[Black "Ejsymont, Blanka"]
[Result "0-1"]
[WhiteTitle "FM"]
[BlackTitle "WCM"]
[WhiteElo "2267"]
[BlackElo "2071"]
[WhiteFideId "13004093"]
[BlackFideId "21088268"]
[EventDate "2025.08.26"]

1. e4 c5 2. Nc3 e6 3. f4 Nc6 4. Nf3 d5 5. Bb5 d4 6. Ne2 Nf6 7. Bxc6+ bxc6 8. d3
Be7 9. O-O O-O 10. b3 a5 11. a4 Ba6 12. Ne5 Qc7 13. h3 Nd7 14. Nxd7 Qxd7 15. Ba3
f5 16. e5 Qd5 17. Rf3 Kh8 18. Ng3 g5 19. Qd2 Rg8 20. Bc1 gxf4 21. Qxf4 Bg5 22.
Qxg5 Rxg5 23. Bxg5 Qxe5 24. Nh5 Rf8 25. Bh6 Rf7 26. Kf2 Qd6 27. Rg3 Qd7 28. Re1
Bc8 29. Bg7+ Rxg7 30. Rxg7 Qe8 31. Rg5 h6 32. Ng7 Qe7 33. Rg3 f4 34. Rg4 e5 35.
Rg6 Qf7 36. Rxc6 Kxg7 37. Rxc8 Qg6 38. Rxe5 Qg3+ 39. Kf1 f3 40. Re7+ Kf6 41.
Rf8+ Kxe7 42. Rxf3 Qg5 43. Rf2 Qc1+ 44. Ke2 Qxc2+ 45. Kf3 Qxd3+ 0-1

[Event "Titled Tue 26th Aug Early"]
[Site "chess.com INT"]
[Date "2025.08.26"]
[Round "7"]
[White "Alonso Rosell, Alvar"]
[Black "Aravindh, Chithambaram VR."]
[Result "1-0"]
[WhiteTitle "GM"]
[BlackTitle "GM"]
[WhiteElo "2536"]
[BlackElo "2723"]
[WhiteFideId "2270544"]
[BlackFideId "5072786"]
[EventDate "2025.08.26"]

1. d4 Nf6 2. c4 b6 3. Nf3 Bb7 4. g3 g6 5. Nc3 Bg7 6. d5 O-O 7. Bg2 c6 8. O-O
cxd5 9. cxd5 e6 10. e4 exd5 11. e5 Ne4 12. Nxd5 d6 13. Nh4 Nc5 14. exd6 Nc6 15.
Re1 Kh8 16. Ne7 Qd7 17. Nxc6 Bxc6 18. Re7 Ba4 19. Qd2 Qd8 20. Bxa8 Qxa8 21. Ng2
Qf3 22. Re3 Qc6 23. Rb1 Ne4 24. Qe1 Bc2 25. Ra1 Rd8 26. h4 Rxd6 27. Qb4 a5 28.
Qa3 Bf8 29. Re1 Kg8 30. Qf3 Rf6 31. Bf4 Bc5 32. Re2 Qa4 33. b3 Qd4 34. Rae1 Re6
35. Rxc2 Ng5 36. hxg5 Rxe1+ 37. Kh2 Rd1 38. Re2 Qd7 39. Re5 1-0

[Event "Titled Tue 26th Aug Early"]
[Site "chess.com INT"]
[Date "2025.08.26"]
[Round "7"]
[White "Smirnov, Mark"]
[Black "Ter-Sahakyan, Samvel"]
[Result "0-1"]
[WhiteTitle "FM"]
[BlackTitle "GM"]
[WhiteElo "2359"]
[BlackElo "2611"]
[WhiteFideId "13764594"]
[BlackFideId "13302531"]
[EventDate "2025.08.26"]

1. e4 c5 2. Nf3 Nc6 3. Bb5 d6 4. O-O Bd7 5. Re1 Nf6 6. h3 a6 7. Bf1 Rg8 8. b4 g5
9. bxc5 g4 10. hxg4 Bxg4 11. d4 dxc5 12. d5 Nd4 13. Nbd2 Bh6 14. Be2 Bh3 15. Bf1
Bg4 16. Be2 Qd7 17. Nxd4 cxd4 18. Bxg4 Nxg4 19. Nf3 Bg7 20. Bb2 Ne5 21. Nxe5
Bxe5 22. Qf3 Rc8 23. Rad1 Qg4 24. Qxg4 Rxg4 25. f3 Rg6 26. Re2 Rc4 27. Red2 Bf4
28. Re2 Be3+ 29. Kf1 Rh6 30. Rxe3 dxe3 31. c3 Ra4 32. a3 Rh1+ 33. Ke2 Rxd1 34.
Kxd1 Rc4 35. Ke2 e6 36. Kxe3 exd5 37. exd5 Kd7 38. Kd3 b5 39. Bc1 Kd6 40. Be3
Kxd5 0-1

[Event "Titled Tue 26th Aug Early"]
[Site "chess.com INT"]
[Date "2025.08.26"]
[Round "7"]
[White "Brilej, Jaka"]
[Black "Ivannikov, Maksim"]
[Result "0-1"]
[WhiteTitle "FM"]
[BlackTitle "CM"]
[WhiteElo "2334"]
[BlackElo "2100"]
[WhiteFideId "14618818"]
[BlackFideId "34275339"]
[EventDate "2025.08.26"]

1. c4 e5 2. g3 f5 3. d4 e4 4. Bh3 d6 5. Nc3 Nf6 6. Bg5 Be7 7. Bxf6 Bxf6 8. e3
O-O 9. Nge2 c6 10. Bg2 Be6 11. b3 Nd7 12. h4 Bf7 13. Nf4 Qa5 14. Qd2 Rac8 15.
Nce2 Bd8 16. a3 b5 17. b4 Qa6 18. c5 dxc5 19. dxc5 Ne5 20. O-O Bf6 21. Nd4 Rcd8
22. Qe2 Bc4 23. Qc2 Nd3 24. Rfd1 Bxd4 25. exd4 Rxd4 26. Nxd3 Bxd3 27. Qc3 Rfd8
28. Bh3 Qc8 29. Qc1 Qe6 30. Qf4 R4d5 31. h5 g6 32. h6 Be2 33. Rxd5 Qxd5 34. Re1
Bf3 35. Rf1 Qd7 36. Bg2 Be2 37. Ra1 Bc4 38. Bf1 Be6 39. Qe5 Qf7 40. Be2 Bd5 41.
Rd1 Re8 42. Qf4 Qf6 43. Re1 g5 44. Qd2 Qxh6 45. Bd1 e3 46. Rxe3 Qh1# 0-1

[Event "Titled Tue 26th Aug Early"]
[Site "chess.com INT"]
[Date "2025.08.26"]
[Round "7"]
[White "Zdorov, Egor Vit"]
[Black "Zaw, Ye Htut"]
[Result "1-0"]
[WhiteTitle "CM"]
[BlackTitle "CM"]
[WhiteElo "2094"]
[BlackElo "2074"]
[WhiteFideId "55688560"]
[BlackFideId "13013955"]
[EventDate "2025.08.26"]

1. Nf3 d5 2. g3 e6 3. Bg2 f5 4. O-O Nf6 5. d4 c6 6. c4 Be7 7. Nc3 O-O 8. Bf4 Ne4
9. Qc2 b6 10. Ne5 Bb7 11. f3 Nxc3 12. bxc3 Nd7 13. e4 Nxe5 14. Bxe5 dxc4 15.
exf5 exf5 16. f4 Qd7 17. Qe2 b5 18. a4 a6 19. Rfe1 Rfe8 20. Qh5 b4 21. Qe2 Qe6
22. Qb2 a5 23. Bxg7 Qd7 24. Be5 bxc3 25. Qxc3 Ba6 26. Qf3 Bb4 27. Red1 Rac8 28.
Qh5 Qf7 29. Qg5+ Qg6 30. Qh4 c3 31. d5 Be2 32. d6 Bxd1 33. Rxd1 c2 34. Rc1 Bxd6
35. Bd4 c5 36. Bc3 Re2 37. Bf3 Re3 38. Bd5+ Kf8 39. Rxc2 c4 40. Bd4 Rd3 41. Rxc4
Rxc4 42. Qd8+ Qe8 43. Qf6+ Qf7 44. Qxf7# 1-0